000 00940cab a2200277 4500
001 ABS60215
008 090401t1998 xxu||||| |||| 00| 0 eng d
035 _a(Sirsi) u91314
041 _aeng
100 _aMcKellar, J.
245 _aCurrent trends, future directions and best practice
260 _c1998
350 _a0
490 _aThe Canadian Appraiser
_v42(4) Winter 1998, 33-37(5)
520 _aLooks at the challenges currently facing real estate advisors and managers in Canada and the US. Looks at current and future trends in the market, and at the core competencies which managers will need in order to take advantage of these opportunities.
650 _aASSET MANAGEMENT
650 _aCANADA
650 _aProperty management
_96262
650 _aPROPERTY MARKET
650 _aREITS
650 _aREITS
650 _aUNITED STATES
690 _aOVERSEAS-NORTH AMERICA
942 _n0
948 _c12/02/1999
999 _c57951
_d57951